Statistics for A-Z : Most Popular Movie on Letterboxd

Click here to take the quiz!

General Stats

  • This quiz has been taken 62 times
  • The average score is 18 of 26

Answer Stats

LetterYearDirectorMovie% Correct
B2023Greta GerwigBarbie
100%
O2023Christopher NolanOppenheimer
96%
G2017Jordan PeeleGet Out
88%
P2019Bong Joon-hoParasite
88%
I2014Christopher NolanInterstellar
86%
F1999David FincherFight Club
82%
V1958Alfred HitchcockVertigo
78%
E2022Daniel Scheinert & Daniel KwanEverything Everywhere All at Once
76%
D2008Christopher NolanThe Dark Knight
76%
L2016Damien ChazelleLa La Land
74%
U2019Jordan PeeleUs
74%
Q2018John KrasinskiA Quiet Place
72%
N2022Jordan PeeleNope
72%
J2019Todd PhillipsJoker
68%
M2019Ari AsterMidsommar
68%
W2014Damien ChazelleWhiplash
68%
Z2007David FincherZodiac
66%
H2018Ari AsterHereditary
62%
X2022Ti WestX
58%
K2019Rian JohnsonKnives Out
56%
C2017Luca GuadagninoCall Me by Your Name
54%
R2007Brad BirdRatatouille
44%
A2000Mary HarronAmerican Psycho
42%
T1998Peter WeirThe Truman Show
40%
Y2016Makoto ShinkaiYour Name.
40%
S2018Rodney Rothman & Peter Ramsey & Bob PersichettiSpider-Man: Into the Spider-Verse
36%

Score Distribution

Percentile by Number Answered

Percent of People with Each Score

Your Score History

You have not taken this quiz